Reinforced concrete structures (Record no. 11959)

000 -LEADER
fixed length control field 00572nam a2200217 a 4500
001 - CONTROL NUMBER
control field 11959
003 - CONTROL NUMBER IDENTIFIER
control field BD-DhUET
008 - FIXED-LENGTH DATA ELEMENTS--GENERAL INFORMATION
fixed length control field 741112s1975 nyua b 001 0 eng
020 ## - INTERNATIONAL STANDARD BOOK NUMBER
International Standard Book Number 0471659177
040 ## - CATALOGING SOURCE
Original cataloging agency DLC
Transcribing agency DLC
Modifying agency BD-DhUET
082 00 - DEWEY DECIMAL CLASSIFICATION NUMBER
Classification number 624.183
Item number PAR/1975
100 1# - MAIN ENTRY--PERSONAL NAME
Personal name Park, R.
245 10 - TITLE STATEMENT
Title Reinforced concrete structures
250 ## - EDITION STATEMENT
Edition statement 1st ed.
260 ## - PUBLICATION, DISTRIBUTION, ETC. (IMPRINT)
Place of publication, distribution, etc. New York
Name of publisher, distributor, etc. John Wiley & sons
Date of publication, distribution, etc. 1975
300 ## - PHYSICAL DESCRIPTION
Extent xvii, 769 p.
Other physical details ill.
Dimensions 24 cm.
504 ## - BIBLIOGRAPHY, ETC. NOTE
Bibliography, etc Includes bibliographies
650 #0 - SUBJECT ADDED ENTRY--TOPICAL TERM
Topical term or geographic name as entry element Reinforced concrete construction
700 ## - ADDED ENTRY--PERSONAL NAME
Personal name Paulay, T.
942 ## - ADDED ENTRY ELEMENTS (KOHA)
Koha item type General Book
Holdings
Koha normalized classification for sorting Date acquired Koha date last seen Source of classification or shelving scheme Sublocation or collection (holding branch) Copy number Koha full call number Price effective from Lost status Shelving location Damaged status Piece designation (barcode) Location (home branch) Not for loan Koha item type Withdrawn status
624_183000000000000_PAR_19752015-02-222015-02-22 Central Library, BUET1624.183/PAR/19752015-02-22 Circulation section 45222Central Library, BUET General Book 
624_183000000000000_PAR_19752015-05-052015-05-05 Central Library, BUET2624.183/PAR/19752015-05-05 Circulation section 53443Central Library, BUET General Book 
624_183000000000000_PAR_19752015-05-062015-05-06 Central Library, BUET3624.183/PAR/19752015-05-06 Circulation section 53440Central Library, BUET General Book 
624_183000000000000_PAR_19752015-05-072015-05-07 Central Library, BUET4624.183/PAR/19752015-05-07 Circulation section 45221Central Library, BUET General Book 
624_183000000000000_PAR_19752015-05-072015-05-07 Central Library, BUET5624.183/PAR/19752015-05-07 Circulation section 51135Central Library, BUET General Book 
624_183000000000000_PAR_19752015-06-252015-06-25 Central Library, BUET6624.183/PAR/19752015-06-25 Reading section 44970Central Library, BUET General Book 
624_183000000000000_PAR_19751982-06-162024-06-30 Central Library, BUET7624.183 PAR/19752024-06-30 Cataloging section 53439Central Library, BUET General Book